| Поле | Название | Значение |
| |
Тип записи |
a |
| |
Библиографический уровень |
m |
| 001 |
Контрольный номер |
RU\infra-m\znanium\bibl\857643 |
| 005 |
Дата корректировки |
20260429142240.9 |
| 008 |
Кодируемые данные |
250124s2017 RU g rus u |
| 020 |
Индекс ISBN |
__ |
| a |
ISBN |
978-57994-0274-7 |
| 040 |
Источник каталогиз. |
__ |
| a |
Служба первич. каталог. |
Общество с ограниченной ответственностью «ЗНАНИУМ» |
| 041 |
Код языка издания |
__ |
| a |
Код языка текста |
rus |
| 044 |
Код страны публикации |
__ |
| a |
Код страны публикации |
RU |
| 080 |
Индекс УДК |
__ |
| a |
Индекс УДК |
630 |
| 084 |
Индекс другой классификации/Индекс ББК |
__ |
| 2 |
Источник индекса |
rubbk |
| a |
Индекс другой классификации/Индекс ББК |
6534 |
| 084 |
Индекс другой классификации/Индекс ББК |
__ |
| 2 |
Источник индекса |
okso |
| a |
Индекс другой классификации/Индекс ББК |
35.00.00 |
| 084 |
Индекс другой классификации/Индекс ББК |
__ |
| 2 |
Источник индекса |
okso |
| a |
Индекс другой классификации/Индекс ББК |
38.00.00 |
| 084 |
Индекс другой классификации/Индекс ББК |
__ |
| 2 |
Источник индекса |
okso |
| a |
Индекс другой классификации/Индекс ББК |
38.03.02 |
| 084 |
Индекс другой классификации/Индекс ББК |
__ |
| 2 |
Источник индекса |
okso |
| a |
Индекс другой классификации/Индекс ББК |
38.03.04 |
| 100 |
Автор |
__ |
| a |
Автор |
Безрукова Т.Л. |
| q |
Полное имя |
Безрукова Татьяна Львовна |
| 245 |
Заглавие |
__ |
| a |
Заглавие |
Экономика лесного сектора |
| b |
Продолж. заглавия |
Учебное пособие |
| 260 |
Выходные данные |
__ |
| a |
Место издания |
Воронеж |
| b |
Издательство |
Воронежский государственный лесотехнический университет имени Г. Ф. Морозова |
| c |
Дата издания |
2016 |
| 300 |
Физическое описание |
__ |
| a |
Объем |
192 с. |
| 520 |
Аннотация |
__ |
| a |
Аннотация |
Пособие содержит материал по основным разделам дисциплины «Экономика лесного сектора» для студентов по направлению подготовки ба-калавра 38.03.02 профили « Производственный менеджмент» «Государствен-ное и муниципальное управление» предназначено для изучения теоретических вопросов финансово- экономической деятельности предприятий лесного секто-ра с учетом требований нового лесного законодательства. |
| 521 |
Примеч. о цел. назн. |
__ |
| a |
Примеч. о целев. назн. |
ВО - Бакалавриат |
| 650 |
Тематические рубрики |
__ |
| a |
Основная рубрика |
Сельское хозяйство |
| x |
Основная подрубрика |
Лесное хозяйство |
| 655 |
Указ. предметных рубрик (устаревшее) |
__ |
| a |
Жанр/ форма (устаревшее) |
Учебное пособие |
| 700 |
Другие авторы |
__ |
| a |
Другие авторы |
Животягина Н.И. |
| q |
Полное имя |
Животягина Нина Ивановна |
| 700 |
Другие авторы |
__ |
| a |
Другие авторы |
Батищев Е.Т. |
| q |
Полное имя |
Батищев Егор Тихонович |
| 700 |
Другие авторы |
__ |
| a |
Другие авторы |
Щтондин А.А. |
| q |
Полное имя |
Щтондин Анатолий Александрович |
| 856 |
Электронный адрес документа |
4_ |
| a |
Имя сервера/домена |
znanium.com |
| m |
Помощь |
ebs_support@infra-m.ru |
| n |
Местонахождение сервера |
НИЦ ИНФРА-М |
| u |
URL |
https://znanium.com/catalog/document?id=40699 |
| 856 |
Электронный адрес документа |
48 |
| a |
Имя сервера/домена |
znanium.com |
| d |
Путь |
/cover/0857 |
| f |
Электронное имя |
857643.jpg |
| q |
Тип электронного формата |
image/jpeg |
| u |
URL |
https://znanium.com/cover/0857/857643.jpg |
| 911 |
|
__ |
| u |
|
0030=https://znanium.com/catalog/document?id=40699 |